000 01066cab a2200277 4500
001 ABS60030
008 090401t1999 xxu||||| |||| 00| 0 eng d
035 _a(Sirsi) u90923
041 _aeng
100 _aGrimshaw, A.
245 _aWork in progress: what is true and fair?
260 _c1999
350 _a0
490 _aProperty Week
_v64(3) 22 January 1999, 38(1)
520 _aDiscusses the valuation of work in progess, on which guidance was issued by the Inland Revenue in November 1998. Suggests that although the guidance is helpful in clarifying the situation with regard to speculative or contingency fees, long-term contracts and the treatment of account billings, there still remain some areas on which clarification is needed.
650 _aACCOUNT BILLINGS
650 _aCONTINGENCY FEES
650 _aLONG-TERM CONTRACTS
650 _aTAX
650 _aTAXATION
650 _aValuation
_96273
650 _aWORK IN PROGRESS
690 _aMANAGEMENT-BUSINESS MANAGEMENT-PROFESSIONAL PRACTICE
942 _n0
948 _c26/01/1999
999 _c57683
_d57683